<?xml version="1.0" encoding="UTF-8"?>
<record
    xmlns:xsi="http://www.w3.org/2001/XMLSchema-instance"
    xsi:schemaLocation="http://www.loc.gov/MARC21/slim http://www.loc.gov/standards/marcxml/schema/MARC21slim.xsd"
    xmlns="http://www.loc.gov/MARC21/slim">

  <leader>02142    a2200265   4500</leader>
  <controlfield tag="003">NUST</controlfield>
  <controlfield tag="005">20221213182337.0</controlfield>
  <datafield tag="010" ind1=" " ind2=" ">
    <subfield code="a">   82001983</subfield>
  </datafield>
  <datafield tag="020" ind1=" " ind2=" ">
    <subfield code="a">0865313601 :</subfield>
  </datafield>
  <datafield tag="020" ind1=" " ind2=" ">
    <subfield code="a">086531361X (pbk.) :</subfield>
  </datafield>
  <datafield tag="040" ind1=" " ind2=" ">
    <subfield code="c">Nust</subfield>
  </datafield>
  <datafield tag="082" ind1="0" ind2="0">
    <subfield code="a">303.483,SCI</subfield>
  </datafield>
  <datafield tag="245" ind1="0" ind2="0">
    <subfield code="a">Science, technology, and the issues of the eighties :</subfield>
    <subfield code="b">policy outlook : a report prepared for the National Science Foundation in support of the second Five year outlook for science and technology /</subfield>
    <subfield code="c">edited by Albert H. Teich and Ray Thornton for the American Association for the Advancement of Science.</subfield>
  </datafield>
  <datafield tag="260" ind1=" " ind2=" ">
    <subfield code="a">Boulder, Colo :</subfield>
    <subfield code="b">Westview Press,</subfield>
    <subfield code="c">1982.</subfield>
  </datafield>
  <datafield tag="300" ind1=" " ind2=" ">
    <subfield code="a">xiv, 290 p. ;</subfield>
    <subfield code="c">23 cm.</subfield>
  </datafield>
  <datafield tag="440" ind1=" " ind2="0">
    <subfield code="a">Westview special studies in science, technology, and public policy</subfield>
    <subfield code="9">104801</subfield>
  </datafield>
  <datafield tag="505" ind1="0" ind2=" ">
    <subfield code="a">Applying science and technology to public purposes / Richard A. Rettig (Page-7),The institutional climate for innovation in industry / William J. Abernathy and Richard S. Rosenbloom (Page-27).Decision making with modern information and communications technology / Donald J. Hillman (Page-55),Relations of science, government, and industry / Charles Weiner (Pge-71),Choosing our pleasures and our poisons / William W. Lowrance (PAge-99),Science, technology, and international security / Eugene B. Skolnikoff (Page-133),U.S. policy towards scientific and technological development in the developing countries / Charles Weiss, Jr.(Page-159),U.S. agriculture in the context of the world food situation / Sylvan H. Wittwer(Page-191),Trends and prospects in world population  / Michael Teitelbaum (Page-215),International security implications of materials and energy resource depletion / William A. Vogely (Page-233),Science and national defense / Kenneth E. Boulding (Page 253).</subfield>
  </datafield>
  <datafield tag="650" ind1=" " ind2="0">
    <subfield code="a">Science and state</subfield>
    <subfield code="z">United States</subfield>
    <subfield code="x">Congresses.</subfield>
    <subfield code="9">104802</subfield>
  </datafield>
  <datafield tag="650" ind1=" " ind2="0">
    <subfield code="a">Technology and state</subfield>
    <subfield code="z">United States</subfield>
    <subfield code="x">Congresses.</subfield>
    <subfield code="9">104803</subfield>
  </datafield>
  <datafield tag="700" ind1="1" ind2=" ">
    <subfield code="a">Teich, Albert H.</subfield>
    <subfield code="9">104804</subfield>
  </datafield>
  <datafield tag="700" ind1="1" ind2=" ">
    <subfield code="a">Thornton, Ray,</subfield>
    <subfield code="d">1928-</subfield>
    <subfield code="9">104805</subfield>
  </datafield>
  <datafield tag="710" ind1="2" ind2=" ">
    <subfield code="a">American Association for the Advancement of Science.</subfield>
    <subfield code="9">103667</subfield>
  </datafield>
  <datafield tag="710" ind1="2" ind2=" ">
    <subfield code="a">National Science Foundation (U.S.)</subfield>
    <subfield code="9">19656</subfield>
  </datafield>
  <datafield tag="942" ind1=" " ind2=" ">
    <subfield code="2">ddc</subfield>
    <subfield code="c">BK</subfield>
    <subfield code="k">303.483,SCI</subfield>
  </datafield>
  <datafield tag="999" ind1=" " ind2=" ">
    <subfield code="c">184811</subfield>
    <subfield code="d">184811</subfield>
  </datafield>
  <datafield tag="952" ind1=" " ind2=" ">
    <subfield code="0">0</subfield>
    <subfield code="1">0</subfield>
    <subfield code="2">ddc</subfield>
    <subfield code="4">0</subfield>
    <subfield code="7">0</subfield>
    <subfield code="a">MCS</subfield>
    <subfield code="b">MCS</subfield>
    <subfield code="c">GEN</subfield>
    <subfield code="d">2016-12-12</subfield>
    <subfield code="o">303.483,SCI</subfield>
    <subfield code="p">MCS3328</subfield>
    <subfield code="r">2016-12-08</subfield>
    <subfield code="w">2016-12-12</subfield>
    <subfield code="y">BK</subfield>
    <subfield code="z">Almirah No.49, Shelf No.1</subfield>
  </datafield>
</record>
